00269pam a2200109 a 4500020000500000041000500005082000800010100005300018245004800071260003200119300000800151 c h a301 aPARKER (S.R) / BROWN (R.K) / SMITH (M.A)eauthor aThe Sociology of IndustryhTextual Document bGEORGE GODWIN Londonc19981 a208